| 000 | 01809naa a22003497a 4500 | ||
|---|---|---|---|
| 001 | BR9607236 | ||
| 003 | BR-BrBNA | ||
| 005 | 20240918181847.0 | ||
| 007 | ta | ||
| 008 | 230509b bl.||||| |||| 00| 0 por d | ||
| 040 |
_aBR-BrBNA _bpor _cBiblioteca Nacional de Agricultura |
||
| 041 | _a(Pt) | ||
| 072 |
_aP34 _b0130 |
||
| 090 | _aP34 BR9607236 | ||
| 100 | 1 | _aLira Junior, M. de A. | |
| 100 | 1 | _aBunty, H.A. | |
| 100 | 1 | _aStamford, N.P. | |
| 100 | 1 | _aBezerra Neto, E. | |
| 100 | 1 | _aSouza, E.S. de | |
| 111 | 1 |
_a3. Simposio Brasileiro sobre Microbiologia do Solo6. Reuniao de Laboratorios para Recomendacao de Estirpes de Rhizobium e Bradyrhizobium _cLondrina, PR (Brazil) _d6-10 Jun 1994 |
|
| 245 | 1 | _aNiveis de fosforo na solucao nutritiva e a simbiose entre fungos MVA e painco (Panicum miliaceum) | |
| 260 | 3 |
_aLondrina, PR (Brasil): _c1994. |
|
| 500 | _aHungria, M.; Balota, E.L.; Colozzi-Filho, A.; Andrade, D. de S.(eds.) Microbiologia do solo: desafios para o seculo 21. Anais do 3. Simposio Brasileiro sobre Microbiologia do Solo e da 6. Reuniao de Laboratorio para recomendacao de Estirpes de Rhizobium e Bradyhizobium Londrina, PR (Brasil): 1994. p. 435-442 (BR9607236-AM)P34 | ||
| 650 | _aPainco | ||
| 650 | _aFosforo | ||
| 650 | _aFixacao Simbiotica de Nitrogenio | ||
| 650 | _aMicorriza | ||
| 650 | _aInoculacao | ||
| 773 | 0 |
_tMicrobiologia do solo: desafios para o seculo 21. Anais do 3. Simposio Brasileiro sobre Microbiologia do Solo e da 6. Reuniao de Laboratorio para recomendacao de Estirpes de Rhizobium e Bradyhizobium _aHungria, M.; Balota, E.L.; Colozzi-Filho, A.; Andrade, D. de S.(eds.). Instituto Agronomico do Parana, Londrina (Brasil) _wP34 BR9607236 _gLondrina, PR (Brasil), 1994. p. 435-442 |
|
| 909 |
_a202404 _bLucia _c55 _dLucia Elande |
||
| 942 |
_cAM _2AGRIS |
||
| 999 |
_c327207 _d327207 |
||